Jurassic World : Chaos Theory Dinosaurs (Hard Version) - Statistics

General Stats
  • This quiz has been taken 92 times
  • The average score is 12 of 20
Answer Stats
Hint Answer % Correct
Tyrannosaurus rex
91%
Season One Allosaurus
83%
Ankylosaurus
83%
Atrociraptor
79%
Baryonyx
64%
Velociraptor
62%
Carnotaurus
59%
Suchomimus
57%
Parasaurolophus
55%
Pteranodon
53%
Stegosaurus
53%
Brachiosaurus
52%
Pachyrhinosaurus
52%
Becklespinax
50%
Nasutoceratops
48%
Compsognathus
45%
Gallimimus
45%
Stygimoloch
43%
Dimorphodon
40%
Sinoceratops
38%
No matching quizzes found
Score Distribution
Percent of People with Each Score
Percentile by Number Answered
Your Score History
You have not taken this quiz